000
00291nam a22001337a 4500
008
180227b xxu||||| |||| 00| 0 eng d
020
_a
9780691143286
041
_a
eng
080
_a
32
100
_a
19
101
_a
POL
245
_a
Revenge of the blogs
_c
Sunstein,C.R
942
_2
udc
_c
BK
999
_c
43530
_d
43530